Kraje świata na każdą literę alfabetu - Statystyki

Ogólne statystyki
  • Ten quiz został rozwiązany 12 399 razy
  • Średni wynik to 22 z 24
Statystyki odpowiedzi
Litera Państwa % Poprawnych
A Afganistan| Albania | Algieria | Andora | Angola | Antigua i Barbuda | Arabia Saudyjska | Argentyna | Armenia | Australia | Austria | Azerbejdżan
99%
B Bahamy | Bahrajn | Bangladesz | Barbados | Belgia | Belize | Benin | Bhutan | Białoruś | Boliwia | Bośnia i Hercegowina | Botswana | Brazylia | Brunei | Bułgaria | Burkina Faso | Burundi
99%
C Chile | Chiny | Chorwacja | Cypr | Czad | Czarnogóra | Czechy
98%
D Dania | Demokratyczna Republika Konga | Dominika | Dominikana | Dżibuti
97%
F Fidżi | Filipiny | Finlandia | Francja
97%
E Egipt | Ekwador | Erytrea | Estonia | Eswatini | Etiopia
96%
G Gabon | Gambia | Ghana | Grecja | Grenada | Gruzja | Gujana | Gwatemala | Gwinea | Gwinea Bissau | Gwinea Równikowa
96%
I Indie | Indonezja | Irak | Iran | Irlandia | Islandia | Izrael
95%
H Haiti | Hiszpania | Holandia | Honduras
94%
K Kambodża | Kamerun | Kanada | Katar | Kazachstan | Kenia | Kirgistan | Kiribati | Kolumbia | Komory | Kongo | Korea Południowa | Korea Północna | Kosowo| Kostaryka | Kuba | Kuwejt
94%
L Laos | Lesotho | Liban | Liberia | Libia | Liechtenstein | Litwa | Luksemburg
94%
M Macedonia Północna | Madagaskar | Malawi | Malediwy | Malezja | Mali | Malta | Maroko | Mauretania | Mauritius | Meksyk | Mikronezja | Mijnama | Mołdawia | Monako | Mongolia | Mozambik
94%
N Namibia | Nauru | Nepal | Niemcy | Niger | Nigeria | Nikaragua | Norwegia | Nowa Zelandia
94%
P Pakistan | Palau | Palestyna | Panama | Papua-Nowa Gwinea | Paragwaj | Peru | Polska | Południowa Afryka | Portugalia
94%
J Jamajka | Japonia | Jemen | Jordania
93%
Ł Łotwa
93%
R Republika Środkowoafrykańska | Republika Zielonego Przylądka | Rosja | Rumunia | Rwanda
92%
S Saint Kitts i Nevis | Saint Lucia | Saint Vincent I Grenadyny | Salwador | Samoa | San Marino | Senegal | Serbia | Seszele | Sierra Leone | Singapur | Słowacja | Słowenia | Somalia | Sri Lanka | Stany Zjednoczone | Sudan | Sudan Południowy | Surinam | Syria | Szwajcaria | Szwecja
92%
T Tadżykistan | Tajlandia | Tanzania | Timor Wschodni | Togo | Tonga | Trinidad i Tobago | Tunezja | Turcja | Turkmenistan | Tuvalu
90%
U Uganda | Ukraina | Urugwaj | Uzbekistan
90%
O Oman
86%
W Watykan | Wenezuela | Węgry | Wielka Brytania | Wietnam | Włochy | Wybrzeże Kości Słoniowej | Wyspy Marshalla | Wyspy Salomona | Wyspy Świętego Tomasza i Książęca
85%
Z Zambia | Zimbabwe | Zjednoczone Emiraty Arabskie
79%
V Vanuatu
53%
Nie znaleziono quizów pasujących do podanych kryteriów
Rozkład punktacji
Procent ludzi z każdym wynikiem
Percentyl według liczby udzielonych odpowiedzi
Twoja historia wyników
Nie rozwiązałeś tego quizu